000 00674nam a22002057a 4500
999 _c18727
_d18727
003 AR-CdUCM
008 190515b ||||| |||| 00| 0 spa d
040 _aMUNICIPALIDAD PROVINCIAL DEL CUSCO
_cBIBLIOTECA MUNICIPAL DEL CUSCO
082 _a516 /
_bG74
100 _aGordon, V. O.
_939486
245 _aProblemas de geometría descriptiva /
260 _aURSS :
_bMir Moscu,
_c1974.
300 _a317 páginas ;
_c22 cm.
505 _aContenido : Punto y recta -- El plano -- Interacción de una recta con un plano y de dos planos ...
650 _aPunto
_939487
650 _aPlano
_913414
650 _aRecta
_939488
942 _2ddc
_cLIBROS
945 _arah
_d2019/05/15